|
|
|
|
| LEADER |
00000nam a2200000 a 4500 |
| 001 |
1/126514 |
| 008 |
230508e2022####gr d ||| |||| ||gre|| |
| 020 |
|
|
|a 9786182021170
|
| 040 |
|
|
|a GR-MyUa
|b gre
|c GR-MyUa
|e AACR2
|
| 041 |
0 |
|
|a eng
|
| 082 |
7 |
|
|a 428.2489
|2 (23)
|
| 100 |
1 |
|
|a Viterouli, Mary.
|
| 245 |
1 |
0 |
|a Complete overview :
|b theory & practice /
|c Mary Viterouli.
|
| 260 |
|
|
|a Θεσσαλονίκη :
|b Δίσιγμα,
|c c2022.
|
| 300 |
|
|
|a 301 σ. :
|b πιν.,
|c 28 εκ.
|
| 500 |
|
|
|a Grammar, syntax and writing. Levels: A1-C2.
|
| 650 |
|
0 |
|a English language
|x Textbooks for foreign speakers
|x Greek.
|
| 852 |
|
|
|a INST
|b LESVOS
|c EUDOXUS
|e 20230508
|h 428.2489 VIT
|p 005100064693
|q 005100064693
|t EDX
|y 0
|
| 852 |
|
|
|a INST
|b LESVOS
|c EUDOXUS
|e 20230508
|h 428.2489 VIT
|p 005100064694
|q 005100064694
|t EDX
|y 0
|
| 920 |
|
|
|a Εύδοξος
|b Παραγγελία
|y Λέσβος-ΤΠΤΕ
|z 2023-05
|
| 970 |
|
|
|a Καμάτσου
|b Δέσποινα
|z 08-05-2023
|